| 000 -LEADER |
| fixed length control field |
00846nam a22002297a 4500 |
| 001 - CONTROL NUMBER |
| control field |
19819 |
| 003 - CONTROL NUMBER IDENTIFIER |
| control field |
BD-DhUAP |
| 005 - DATE AND TIME OF LATEST TRANSACTION |
| control field |
20200223150837.0 |
| 008 - FIXED-LENGTH DATA ELEMENTS--GENERAL INFORMATION |
| fixed length control field |
200222s2003 bg ||||| |||| 001 0 ben d |
| 020 ## - INTERNATIONAL STANDARD BOOK NUMBER |
| International Standard Book Number |
812950104X |
| 040 ## - CATALOGING SOURCE |
| Original cataloging agency |
BD-DhUAP |
| Language of cataloging |
Ben |
| Transcribing agency |
BD-DhUAP |
| Modifying agency |
BD-DhUAP |
| 082 ## - DEWEY DECIMAL CLASSIFICATION NUMBER |
| Edition number |
23 |
| Classification number |
REF 954.9222 MOJ |
| 100 ## - MAIN ENTRY--PERSONAL NAME |
| Personal name |
মজুমদার, কেদারনাথ। |
| 245 ## - TITLE STATEMENT |
| Title |
ঢাকার ইতিহাস / |
| Statement of responsibility, etc. |
কেদারনাথ মজুমদার। |
| 250 ## - EDITION STATEMENT |
| Edition statement |
১ম সং.। |
| 260 ## - PUBLICATION, DISTRIBUTION, ETC. |
| Place of publication, distribution, etc. |
কলকাতা : |
| Name of publisher, distributor, etc. |
ইন্ডিয়ান প্যাট্রিয়ট প্রেস, |
| Date of publication, distribution, etc. |
c২০০৩। |
| 300 ## - PHYSICAL DESCRIPTION |
| Extent |
খণ্ড ; |
| Dimensions |
২২ সেমি.। |
| 500 ## - GENERAL NOTE |
| General note |
নির্ঘণ্ট সম্বলিত। |
| 505 ## - FORMATTED CONTENTS NOTE |
| Formatted contents note |
খণ্ড ২-- |
| 651 ## - SUBJECT ADDED ENTRY--GEOGRAPHIC NAME |
| Geographic name |
Bangladesh |
| Form subdivision |
History. |
| 942 ## - ADDED ENTRY ELEMENTS (KOHA) |
| Source of classification or shelving scheme |
|
| Koha item type |
Book |